Constitutional government and democracy in India (Record no. 395163)

MARC details
000 -LEADER
fixed length control field 00541 a2200193 4500
005 - DATE & TIME
control field 20260209163807.0
008 - FIXED-LENGTH DATA ELEMENTS--GENERAL INFORMATION
fixed length control field 260209b |||||||| |||| 00| 0 eng d
020 ## - ISBN
International Standard Book Number 9789369678389
Price Rs. 4895.00
040 ## - CATALOGING SOURCE
Original cataloging agency VIVEKANANDA LIBRARY
082 ## - DDC NUMBER
Classification number 320.954
Book Number R137C
100 ## - MAIN ENTRY--PERSONAL NAME
Personal name Ranjan, kumud
245 ## - TITLE STATEMENT
Title Constitutional government and democracy in India
260 ## - PUBLICATION, DISTRIBUTION, ETC. (IMPRINT)
Name of publisher, distributor, etc Scientific Books International
Date of publication, distribution, etc 2026
Place of publication, distribution, etc New Delhi
300 ## - PHYSICAL DESCRIPTION
Pages 262
650 ## - Subject
Subject Political Science
650 ## - Subject
Subject Democracy-India
650 ## - Subject
Subject Constitutional Governance
942 ## - ADDED ENTRY ELEMENTS (KOHA)
Koha item type Books
Holdings
Withdrawn status Lost status Source of classification or shelving scheme Damaged status Not for loan Location (home branch) Sublocation or collection (holding branch) Shelving location Date acquired Koha issues (times borrowed) Koha full call number Accession No. Koha date last seen Koha item type
    Dewey Decimal Classification     VIVEKANANDA LIBRARY VIVEKANANDA LIBRARY Vivekananda Library 07/01/2026   320.954 R137C 443960 07/01/2026 Books
© Designed and Maintained by Vivekananda Library, MDU Rohtak